Historia de Gil Blas de Santillana / (Record no. 157585)
[ view plain ]
| 000 -LEADER | |
|---|---|
| campo de control de longitud fija | 01039nam a2200229 i 4500 |
| 001 - NÚMERO DE CONTROL | |
| campo de control | 157585 |
| 003 - IDENTIFICADOR DE NÚMERO DE CONTROL | |
| campo de control | ES-MaACL |
| 005 - FECHA Y HORA DE LA ÚLTIMA TRANSACCIÓN | |
| campo de control | 20250904044801.0 |
| 008 - DATOS DE LONGITUD FIJA--INFORMACIÓN GENERAL | |
| campo de control de longitud fija | 960320q1888 sp a |||| | spa d |
| 100 1# - ENTRADA PRINCIPAL--NOMBRE DE PERSONA | |
| Nombre de persona | Lesage, Alain-René, |
| Fechas asociadas al nombre | 1668-1747 |
| 9 (RLIN) | 71822 |
| 245 10 - MENCIÓN DEL TÍTULO | |
| Título | Historia de Gil Blas de Santillana / |
| Mención de responsabilidad, etc. | escrita en francés por Lesage ; traducida al castellano por el Padre Isla ; anotada por Adolfo de Castro ; prólogo de Manuel Cañete. |
| 260 ## - PUBLICACIÓN, DISTRIBUCIÓN, ETC. | |
| Lugar de publicación, distribución, etc. | Barcelona : |
| Nombre del editor, distribuidor, etc. | Espasa y Compañía, editores, |
| Fecha de publicación, distribución, etc. | [ca. 1888] |
| 300 ## - DESCRIPCIÓN FÍSICA | |
| Extensión | 2 v. : |
| Otras características físicas | il. ; |
| Dimensiones | 37 cm. |
| 596 ## - NOTA AL PIE DE IMPRENTA | |
| NOTA AL PIE DE IMPRENTA | Palau, IV, 136402 fecha esta ed. en 1888. |
| 597 ## - NOTA DE DESCRIPCIÓN FÍSICA | |
| NOTA DE DESCRIPCIÓN FÍSICA | Vol. I (2 h., XLIII, 599 p., 13 h. de lam.) - vol. II (542 [i.e. 642] p., 16 h. de lám.) |
| 597 ## - NOTA DE DESCRIPCIÓN FÍSICA | |
| NOTA DE DESCRIPCIÓN FÍSICA | Error de pag. en el t. II: en última pag. consta 542 en vez de 642. |
| 700 1# - ENTRADA AGREGADA--NOMBRE PERSONAL | |
| Nombre de persona | Isla, José Francisco de. |
| 9 (RLIN) | 65573 |
| 700 1# - ENTRADA AGREGADA--NOMBRE PERSONAL | |
| Nombre de persona | Castro, Adolfo de, |
| Fechas asociadas al nombre | 1823-1898 |
| 9 (RLIN) | 36824 |
| 700 1# - ENTRADA AGREGADA--NOMBRE PERSONAL | |
| Nombre de persona | Cañete, Manuel, |
| Fechas asociadas al nombre | 1822-1891 |
| 9 (RLIN) | 34750 |
| 852 ## - LOCALIZACIÓN | |
| Ubicación | ES-MaACL |
| Número de control de estantería | B-79-80 |
| Nota libre | - Enc. pasta española |
| Estatus retirado | Estado de pérdida | Estado de daño | No para préstamo | Colección | Biblioteca de origen | Biblioteca actual | Ubicación en estantería | Fecha de adquisición | Fuente de adquisición | Total de préstamos | Signatura topográfica completa | Código de barras | Visto por última vez | Precio de reemplazo | Tipo de ítem Koha |
|---|---|---|---|---|---|---|---|---|---|---|---|---|---|---|---|
| Libros del s. XIX | Biblioteca del Ateneo de Madrid | Biblioteca del Ateneo de Madrid | Sala Pardo Bazán | 17/01/2008 | B-79-80 | 1164908 | 23/02/2023 | 23/02/2023 | Libro impreso antiguo |
